[Event "Manfred-Bosbach-Turnier (45.OStM)"]
[Site "Bergisch Gladbach"]
[Date "2025.09.05"]
[Round "1.1"]
[White "Gelsok, Philipp"]
[Black "Plitzner, Hans Joachim"]
[Result "1-0"]
[WhiteElo "2034"]
[BlackElo "1695"]
[PlyCount "69"]
[EventDate "2025.??.??"]
[EventRounds "7"]
[SourceVersionDate "2025.09.08"]

1. e4 c6 2. d4 d5 3. exd5 cxd5 4. Bd3 Nc6 5. c3 Nf6 6. h3 e6 7. Nf3 Bd6 8. O-O
O-O 9. Re1 b6 10. Nbd2 Bb7 11. Ne5 Qc7 12. Ndf3 a6 13. Qe2 b5 14. a3 Na5 15.
Qc2 Ne4 16. Ng5 Bxe5 17. dxe5 Nxg5 18. Bxg5 h6 19. Bf4 f5 20. Be3 Rac8 21. Bd4
Rf7 22. f4 Qd8 23. Qf2 Rc6 24. Bc2 Nc4 25. Bd1 g6 26. a4 Kh7 27. Kh2 Rg7 28. b3
Nb6 29. axb5 axb5 30. Be2 Nd7 31. Bxb5 Rc8 32. Ra7 Bc6 33. Bxc6 Rxc6 34. Rea1
Qc8 35. b4 1-0

[Event "Manfred-Bosbach-Turnier (45.OStM)"]
[Site "Bergisch Gladbach"]
[Date "2025.09.05"]
[Round "1.2"]
[White "Radovinski, Jewgeni"]
[Black "Harringer, Manfred"]
[Result "0-1"]
[WhiteElo "1543"]
[BlackElo "1971"]
[PlyCount "46"]
[EventDate "2025.??.??"]
[EventRounds "7"]
[SourceVersionDate "2025.09.08"]

1. d4 Nf6 2. c4 e6 3. Nc3 Bb4 4. Bd2 d5 5. cxd5 exd5 6. Nf3 O-O 7. e3 Re8 8.
Bd3 c6 9. Qb3 Bd6 10. O-O Qb6 11. Qxb6 axb6 12. Rfe1 Ne4 13. h3 Nd7 14. g4 f5
15. gxf5 Ndf6 16. Bxe4 Nxe4 17. Nxe4 dxe4 18. Nh2 Bxf5 19. Kg2 Re6 20. f4 exf3+
21. Nxf3 Rg6+ 22. Kh1 Be4 23. Rf1 Rf8 0-1

[Event "Manfred-Bosbach-Turnier (45.OStM)"]
[Site "Bergisch Gladbach"]
[Date "2025.09.05"]
[Round "1.3"]
[White "Eilers, Jochen"]
[Black "Klein, Dieter"]
[Result "1-0"]
[WhiteElo "1923"]
[BlackElo "1502"]
[PlyCount "73"]
[EventDate "2025.??.??"]
[EventRounds "7"]
[SourceVersionDate "2025.09.08"]

1. c4 c5 2. Nc3 Nc6 3. Nf3 d6 4. d4 cxd4 5. Nxd4 Nf6 6. e4 g6 7. Be2 Bg7 8. Be3
O-O 9. O-O Ne5 10. h3 Qc7 11. b3 a6 12. Qd2 Nc6 13. Rac1 Re8 14. Rfd1 h5 15. f4
e5 16. Nxc6 exf4 17. Bxf4 Qxc6 18. Bf3 Nxe4 19. Nxe4 Rxe4 20. Bxe4 Qxe4 21. Re1
Qc6 22. Qxd6 Be6 23. Qxc6 bxc6 24. Rcd1 Bc3 25. Re3 Bb4 26. Red3 Be7 27. Kf1 a5
28. a4 Kh7 29. Bd6 Bf6 30. Bc7 Ra7 31. Bd8 Be5 32. Re1 Bb2 33. Bb6 Ra6 34. Bd4
Ba3 35. Bc3 Be7 36. Rxe6 fxe6 37. Rd7 1-0

[Event "Manfred-Bosbach-Turnier (45.OStM)"]
[Site "Bergisch Gladbach"]
[Date "2025.09.05"]
[Round "1.4"]
[White "Aljalam, Yamen"]
[Black "Schüler, Hans-Ulrich"]
[Result "0-1"]
[WhiteElo "1410"]
[BlackElo "1885"]
[PlyCount "70"]
[EventDate "2025.??.??"]
[EventRounds "7"]
[SourceVersionDate "2025.09.08"]

1. Nf3 e6 2. g3 b6 3. Bg2 Bb7 4. O-O f5 5. d3 d6 6. Nc3 Nd7 7. Re1 Be7 8. e4
fxe4 9. Nxe4 Bxe4 10. Rxe4 e5 11. Rg4 g6 12. Ng5 Bxg5 13. Bxg5 Ngf6 14. Bxa8
Qxa8 15. Rh4 O-O 16. Qe2 Nc5 17. Re1 Ne6 18. Bh6 Rf7 19. c3 c5 20. b3 b5 21.
Qe3 b4 22. cxb4 Nd4 23. Rxd4 cxd4 24. Qe2 Qc8 25. Rc1 Qh3 26. Qd2 Re7 27. Rc6
Ng4 28. Rc8+ Kf7 29. Rf8+ Ke6 30. f3 Nxh6 31. g4 Rf7 32. Rxf7 Nxf7 33. Qe2 Ng5
34. f4 Nf3+ 35. Kh1 Qxg4 0-1

[Event "Manfred-Bosbach-Turnier (45.OStM)"]
[Site "Bergisch Gladbach"]
[Date "2025.09.05"]
[Round "1.6"]
[White "Limburg, Leonhard"]
[Black "Nichte, Philipp"]
[Result "0-1"]
[WhiteElo "1259"]
[BlackElo "1819"]
[PlyCount "62"]
[EventDate "2025.??.??"]
[EventRounds "7"]
[SourceVersionDate "2025.09.08"]

1. b3 d5 2. Bb2 Nf6 3. d3 g6 4. Nf3 Bg7 5. Nc3 O-O 6. e3 c5 7. g3 Nc6 8. Bg2 e5
9. O-O h6 10. a3 Be6 11. Rc1 Qd7 12. Qd2 Bh3 13. Ne1 Bxg2 14. Nxg2 Qh3 15. f3
h5 16. Nd1 Rad8 17. Nf2 Qd7 18. Rcd1 Bh6 19. f4 d4 20. fxe5 Nxe5 21. Qe2 Neg4
22. Ne4 Nxe4 23. dxe4 Nxe3 24. Nxe3 Bxe3+ 25. Kh1 Qe6 26. Qf3 Rfe8 27. e5 Qd5
28. Kg2 Rxe5 29. Rxd4 Qxf3+ 30. Rxf3 Bxd4 31. Bxd4 Rxd4 0-1

[Event "Manfred-Bosbach-Turnier (45.OStM)"]
[Site "Bergisch Gladbach"]
[Date "2025.09.05"]
[Round "1.7"]
[White "Lobbes, Frank"]
[Black "Schneider, Erich"]
[Result "1/2-1/2"]
[WhiteElo "1817"]
[BlackElo "1252"]
[PlyCount "59"]
[EventDate "2025.??.??"]
[EventRounds "7"]
[SourceVersionDate "2025.09.08"]

1. e4 c5 2. Nf3 g6 3. Bc4 Bg7 4. O-O Nc6 5. c3 e6 6. d4 cxd4 7. cxd4 d5 8. exd5
exd5 9. Re1+ Nge7 10. Bb5 O-O 11. Nc3 a6 12. Ba4 Re8 13. Ne5 b5 14. Nxc6 Nxc6
15. Rxe8+ Qxe8 16. Bb3 Nxd4 17. Bxd5 Nc6 18. Be3 Be6 19. Bxe6 Qxe6 20. Qf3 Rd8
21. Re1 Nd4 22. Qd1 Qd6 23. Ne4 Qd5 24. Bg5 Rd7 25. Nf6+ Bxf6 26. Bxf6 Ne6 27.
Qxd5 Rxd5 28. g3 h5 29. Rc1 g5 30. Kf1 1/2-1/2

[Event "Manfred-Bosbach-Turnier (45.OStM)"]
[Site "Bergisch Gladbach"]
[Date "2025.09.05"]
[Round "1.8"]
[White "Pfennig, Dieter"]
[Black "Themm, Rainer"]
[Result "0-1"]
[WhiteElo "1140"]
[BlackElo "1797"]
[PlyCount "120"]
[EventDate "2025.??.??"]
[EventRounds "7"]
[SourceVersionDate "2025.09.08"]

1. e4 c5 2. Nc3 Nc6 3. Nf3 g6 4. d4 cxd4 5. Nxd4 Bg7 6. Be3 d6 7. Bb5 Bd7 8.
Nxc6 bxc6 9. Bc4 Nf6 10. h3 Qa5 11. Qd2 O-O 12. O-O Rfd8 13. Rfd1 Be8 14. f3
Rd7 15. Ne2 Qxd2 16. Rxd2 d5 17. exd5 Nxd5 18. Bd4 Nf4 19. c3 Nxe2+ 20. Bxe2
Bxd4+ 21. Rxd4 Rxd4 22. cxd4 Rd8 23. Rd1 Rd6 24. Kf2 Kg7 25. Ke3 g5 26. g4 f6
27. Rd2 h5 28. Ba6 h4 29. Bb7 Bf7 30. a3 Bd5 31. Ba6 Rd8 32. b4 Kf7 33. Rc2 Rb8
34. Bd3 Ke6 35. Be4 Kd6 36. Bd3 e6 37. Rf2 e5 38. dxe5+ fxe5 39. Be4 Rf8 40.
Rd2 Rb8 41. Bc2 a5 42. bxa5 Ra8 43. Bf5 Rxa5 44. Rd3 Ra4 45. Bg6 Rc4 46. Rd2
Rc1 47. Kf2 Rh1 48. Kg2 Ra1 49. Rd3 Ra2+ 50. Kg1 Rb2 51. Bf5 Rb3 52. Rxb3 Bxb3
53. Kf2 c5 54. Ke3 Ba4 55. Bd3 Kd5 56. Kd2 Kd4 57. Bc2 Bc6 58. Be4 Bxe4 59.
fxe4 Kxe4 60. a4 Kd5 0-1

[Event "Manfred-Bosbach-Turnier (45.OStM)"]
[Site "Bergisch Gladbach"]
[Date "2025.09.05"]
[Round "1.9"]
[White "Gutt, Oswald"]
[Black "Handel, Heinz"]
[Result "1-0"]
[WhiteElo "1735"]
[BlackElo "1134"]
[PlyCount "69"]
[EventDate "2025.??.??"]
[EventRounds "7"]
[SourceVersionDate "2025.09.08"]

1. c4 c5 2. Nf3 Nc6 3. Nc3 e6 4. g3 g6 5. Bg2 Bg7 6. O-O Nf6 7. a3 O-O 8. d4
cxd4 9. Nxd4 Nxd4 10. Qxd4 Ne8 11. Qd3 a6 12. Rd1 f5 13. b4 Rb8 14. Bb2 b5 15.
c5 Qe7 16. Rab1 Bb7 17. Qxd7 Qxd7 18. Rxd7 Bxg2 19. Kxg2 Nf6 20. Rd6 Ne4 21.
Nxe4 Bxb2 22. Rxb2 fxe4 23. Rxe6 Rbe8 24. Rxe8 Rxe8 25. Rd2 e3 26. Rd6 exf2 27.
Kxf2 Ra8 28. c6 Kf8 29. c7 Ke8 30. Rxa6 Rc8 31. Rb6 Rxc7 32. Rxb5 Ra7 33. Ra5
Rxa5 34. bxa5 Kd8 35. e4 1-0

[Event "Manfred-Bosbach-Turnier (45.OStM)"]
[Site "Bergisch Gladbach"]
[Date "2025.09.05"]
[Round "1.10"]
[White "Steinhausen, Karl-Heinz"]
[Black "Schäde, Maximilian"]
[Result "0-1"]
[WhiteElo "1080"]
[BlackElo "1734"]
[PlyCount "50"]
[EventDate "2025.??.??"]
[EventRounds "7"]
[SourceVersionDate "2025.09.08"]

1. e4 c5 2. Nf3 d6 3. d3 Nc6 4. g3 Nf6 5. Bg2 g6 6. O-O Bg7 7. c3 O-O 8. Re1
Bg4 9. Nbd2 Qd7 10. Nf1 Rac8 11. d4 cxd4 12. cxd4 e5 13. d5 Nd4 14. Qd3 Nc2 15.
Bd2 Nxa1 16. Rxa1 Qa4 17. b4 Bxf3 18. Bxf3 Qc2 19. Qe2 Qb2 20. Qe1 a6 21. a4
Nd7 22. a5 f5 23. Rb1 Qd4 24. Be3 Qc3 25. Bd2 Qxf3 0-1

[Event "Manfred-Bosbach-Turnier (45.OStM)"]
[Site "Bergisch Gladbach"]
[Date "2025.09.12"]
[Round "2.1"]
[White "Nichte, Philipp"]
[Black "Gelsok, Philipp"]
[Result "1/2-1/2"]
[WhiteElo "1819"]
[BlackElo "2034"]
[PlyCount "73"]
[EventDate "2025.??.??"]
[EventRounds "7"]
[SourceVersionDate "2025.09.08"]

1. e4 e5 2. Nf3 Nc6 3. Bc4 Bc5 4. c3 Nf6 5. d3 O-O 6. O-O d5 7. exd5 Nxd5 8. a4
Bf5 9. a5 a6 10. Re1 Nf6 11. Be3 Bxe3 12. fxe3 e4 13. Nd4 Nxd4 14. exd4 exd3
15. Bxd3 Bxd3 16. Qxd3 c5 17. Nd2 cxd4 18. cxd4 Qd7 19. Rac1 Rac8 20. b3 Rfd8
21. Nf3 h6 22. Rc4 Nd5 23. g3 f6 24. Rec1 Nb4 25. Qd2 Nc6 26. Rd1 Qd5 27. Qc3
Na7 28. Kf2 Rc6 29. Rxc6 Nxc6 30. b4 Ne5 31. Rd2 Ng4+ 32. Kg2 Qe6 33. Qd3 Ne3+
34. Kf2 Ng4+ 35. Kg2 Ne3+ 36. Kf2 Ng4+ 37. Kg2 1/2-1/2

[Event "Manfred-Bosbach-Turnier (45.OStM)"]
[Site "Bergisch Gladbach"]
[Date "2025.09.12"]
[Round "2.2"]
[White "Themm, Rainer"]
[Black "Eilers, Jochen"]
[Result "1/2-1/2"]
[WhiteElo "1797"]
[BlackElo "1923"]
[PlyCount "38"]
[EventDate "2025.??.??"]
[EventRounds "7"]
[SourceVersionDate "2025.09.08"]

1. e4 c5 2. Nf3 g6 3. d4 cxd4 4. Nxd4 Bg7 5. Nc3 Nc6 6. Be3 Nf6 7. Bc4 O-O 8.
Bb3 d5 9. exd5 Na5 10. Nde2 Nxb3 11. axb3 b6 12. O-O Bb7 13. Nf4 Qd7 14. Qe2 g5
15. Nh5 Nxh5 16. Qxh5 h6 17. Rfd1 Qf5 18. Rd2 Rfd8 19. Qe2 Rd6 1/2-1/2

[Event "Manfred-Bosbach-Turnier (45.OStM)"]
[Site "Bergisch Gladbach"]
[Date "2025.09.12"]
[Round "2.3"]
[White "Schüler, Hans-Ulrich"]
[Black "Gutt, Oswald"]
[Result "1/2-1/2"]
[WhiteElo "1885"]
[BlackElo "1735"]
[PlyCount "106"]
[EventDate "2025.??.??"]
[EventRounds "7"]
[SourceVersionDate "2025.09.08"]

1. e4 e5 2. Bc4 Nf6 3. Nc3 c6 4. d4 exd4 5. Qxd4 d6 6. Bf4 Qb6 7. O-O-O Qxd4 8.
Rxd4 b5 9. Be2 Be7 10. Bxd6 Bxd6 11. Rxd6 b4 12. e5 Nfd7 13. Ne4 Nxe5 14. Nf3
Nxf3 15. Bxf3 O-O 16. Rhd1 Na6 17. Rxc6 Bb7 18. Rcd6 Rab8 19. Nf6+ gxf6 20.
Bxb7 Nc5 21. Bf3 Rfc8 22. Rc6 Rxc6 23. Bxc6 Rc8 24. Rd6 Kg7 25. Kd2 a5 26. c3
bxc3+ 27. bxc3 a4 28. Bd5 Rb8 29. Rc6 Nd7 30. Rc7 Ne5 31. f4 Rd8 32. c4 Nxc4+
33. Rxc4 Rxd5+ 34. Kc3 a3 35. Ra4 Rc5+ 36. Kd3 Rb5 37. Rxa3 Rb2 38. Ke4 h5 39.
Kf3 Kg6 40. Ra5 f5 41. Ra6+ Kg7 42. Kg3 Rb4 43. h3 Rc4 44. a4 Rc2 45. a5 Ra2
46. Ra8 Ra4 47. a6 Ra2 48. a7 Ra4 49. Kf3 h4 50. Ke3 Ra2 51. Kd4 Ra5 52. Kc4
Ra2 53. Kd4 Ra5 1/2-1/2

[Event "Manfred-Bosbach-Turnier (45.OStM)"]
[Site "Bergisch Gladbach"]
[Date "2025.09.12"]
[Round "2.6"]
[White "Schneider, Erich"]
[Black "Müller, Aaron"]
[Result "0-1"]
[WhiteElo "1252"]
[BlackElo "1879"]
[PlyCount "102"]
[EventDate "2025.??.??"]
[EventRounds "7"]
[SourceVersionDate "2025.09.08"]

1. d4 Nf6 2. c4 g6 3. Nc3 Bg7 4. e4 d6 5. Nf3 O-O 6. Be2 e5 7. dxe5 dxe5 8.
Qxd8 Rxd8 9. Bg5 c6 10. O-O Re8 11. Rfd1 Nbd7 12. b4 a5 13. b5 h6 14. Be3 Bf8
15. a3 a4 16. h3 Nc5 17. Bxc5 Bxc5 18. Kf1 g5 19. g4 Bxg4 20. hxg4 Nxg4 21. Rd2
Nxf2 22. Bd3 g4 23. Ne1 Nh3 24. Kg2 Nf4+ 25. Kg3 h5 26. Ng2 Nxg2 27. Kxg2 Kg7
28. Kg3 Kg6 29. Be2 Bd4 30. Rd3 Rf8 31. Rf1 Bc5 32. Nd1 f5 33. exf5+ Rxf5 34.
Rxf5 Kxf5 35. Kh4 Be7+ 36. Kg3 h4+ 37. Kg2 Kf4 38. Nf2 Rd8 39. Nxg4 Rxd3 40.
Bxd3 Kxg4 41. Bc2 cxb5 42. cxb5 Bxa3 43. Bxa4 h3+ 44. Kh2 e4 45. Bd1+ Kh4 46.
Be2 Bd6+ 47. Kh1 Kg3 48. Bc4 e3 49. Bd3 Kf2 50. Bc4 e2 51. Bxe2 Kxe2 0-1

[Event "Manfred-Bosbach-Turnier (45.OStM)"]
[Site "Bergisch Gladbach"]
[Date "2025.09.12"]
[Round "2.7"]
[White "Zimmermann, Wolfgang"]
[Black "Rosenauer, Horst"]
[Result "0-1"]
[WhiteElo "1134"]
[BlackElo "185"]
[PlyCount "64"]
[EventDate "2025.??.??"]
[EventRounds "7"]
[SourceVersionDate "2025.09.08"]

1. d4 Nf6 2. Nc3 d5 3. Nf3 Bf5 4. e3 e6 5. Bd3 Bg4 6. h3 Bh5 7. Be2 Nbd7 8. Nd2
Bg6 9. Nf3 Be7 10. Ne5 Nxe5 11. dxe5 Nd7 12. f4 Bh4+ 13. Kd2 a6 14. Bf3 Nc5 15.
b4 Ne4+ 16. Bxe4 dxe4+ 17. Ke2 Qe7 18. a3 f5 19. exf6 Bxf6 20. Bb2 Rd8 21. Qf1
O-O 22. Rd1 c5 23. Rxd8 Rxd8 24. Qa1 cxb4 25. Nd1 Bxb2 26. Qxb2 bxa3 27. Qa2 b5
28. g4 Bf7 29. Nc3 e5 30. Qa1 Bc4+ 31. Kf2 Qh4+ 32. Kg2 Rd2+ 0-1

[Event "Manfred-Bosbach-Turnier (45.OStM)"]
[Site "Bergisch Gladbach"]
[Date "2025.09.12"]
[Round "2.8"]
[White "Gelhausen, Tion"]
[Black "Schüers, Christian"]
[Result "0-1"]
[WhiteElo "939"]
[BlackElo "1405"]
[PlyCount "38"]
[EventDate "2025.??.??"]
[EventRounds "7"]
[SourceVersionDate "2025.09.08"]

1. e4 e6 2. Nc3 c5 3. Nf3 Nc6 4. d4 cxd4 5. Nxd4 a6 6. Nxc6 bxc6 7. Bc4 Bb4 8.
O-O Ne7 9. Bd2 d5 10. exd5 cxd5 11. a3 Ba5 12. Bd3 O-O 13. b4 Bc7 14. Qh5 Ng6
15. Bg5 Qd6 16. Rae1 Bb6 17. Be3 d4 18. Ne4 Qd5 19. Qxd5 exd5 0-1

[Event "Manfred-Bosbach-Turnier (45.OStM)"]
[Site "Bergisch Gladbach"]
[Date "2025.09.12"]
[Round "2.9"]
[White "Plitzner, Hans Joachim"]
[Black "Limburg, Leonhard"]
[Result "1-0"]
[WhiteElo "1695"]
[BlackElo "1259"]
[PlyCount "55"]
[EventDate "2025.??.??"]
[EventRounds "7"]
[SourceVersionDate "2025.09.08"]

1. c4 c5 2. Nc3 Nc6 3. g3 g6 4. Bg2 Bg7 5. e3 Nf6 6. Nge2 O-O 7. O-O d6 8. d3
Bg4 9. h3 Be6 10. Nd5 Bd7 11. Bd2 e6 12. Ndc3 a6 13. Rb1 Qc8 14. Kh2 Ne5 15.
Qc2 Rb8 16. b4 cxb4 17. Rxb4 Qc5 18. Rfb1 b5 19. d4 Neg4+ 20. Kg1 Qf5 21. Qxf5
exf5 22. hxg4 fxg4 23. cxb5 Rfe8 24. bxa6 Rbc8 25. a7 Rc7 26. Rb7 Rxb7 27. Rxb7
h5 28. Rb8 1-0

[Event "Manfred-Bosbach-Turnier (45.OStM)"]
[Site "Bergisch Gladbach"]
[Date "2025.09.12"]
[Round "2.10"]
[White "Hoferichter, Michael"]
[Black "Radovinski, Jewgeni"]
[Result "0-1"]
[WhiteElo "1386"]
[BlackElo "1544"]
[PlyCount "70"]
[EventDate "2025.??.??"]
[EventRounds "7"]
[SourceVersionDate "2025.09.08"]

1. e4 e5 2. Nf3 Nc6 3. Bc4 Nf6 4. d3 Be7 5. c3 d5 6. exd5 Nxd5 7. Bb5 Qd6 8. h3
Bd7 9. O-O O-O 10. Nbd2 f6 11. Ne4 Qe6 12. c4 Nb6 13. c5 Nd5 14. Bd2 Kh8 15.
Bc4 Nd4 16. Nxd4 exd4 17. Re1 Qc6 18. b4 Be6 19. a4 Qd7 20. Qe2 Rae8 21. Qf3 f5
22. Bf4 Nxf4 23. Bxe6 Nxe6 24. Ng3 c6 25. Re5 Ng5 26. Qf4 Ne6 27. Qf3 f4 28.
Ne4 Bf6 29. Rh5 Qe7 30. Nd6 Rd8 31. Qe4 Ng5 32. Qf5 Kg8 33. Qxf4 g6 34. Rh6 Bg7
35. Rh4 Rxf4 0-1

[Event "Manfred-Bosbach-Turnier (45.OStM)"]
[Site "Bergisch Gladbach"]
[Date "2025.09.12"]
[Round "2.12"]
[White "Handel, Heinz"]
[Black "Aljalam, Yamen"]
[Result "0-1"]
[WhiteElo "1134"]
[BlackElo "1410"]
[PlyCount "70"]
[EventDate "2025.??.??"]
[EventRounds "7"]
[SourceVersionDate "2025.09.08"]

1. e4 e6 2. Nf3 d5 3. exd5 exd5 4. Qe2+ Be7 5. g3 Nf6 6. Bg2 O-O 7. O-O Re8 8.
Qd3 Nbd7 9. b3 Nf8 10. Bb2 c6 11. c4 Be6 12. Ng5 Qc8 13. Nc3 Bf5 14. Qf3 Bg4
15. Qd3 Bf5 16. Qf3 h6 17. Nxf7 Kxf7 18. cxd5 Bg4 19. Qd3 Qd7 20. f4 Rad8 21.
f5 Nxd5 22. Nxd5 Bc5+ 23. Kh1 cxd5 24. Qc3 Kg8 25. Qxc5 Bxf5 26. Qf2 Bg6 27.
Rae1 Ne6 28. Re5 Qb5 29. Qf3 Rf8 30. Qd1 Ng5 31. Re7 d4 32. Rxb7 Rxf1+ 33. Qxf1
Qxf1+ 34. Bxf1 Be4+ 35. Kg1 Bxb7 0-1

[Event "Manfred-Bosbach-Turnier (45.OStM)"]
[Site "Bergisch Gladbach"]
[Date "2025.09.19"]
[Round "3.1"]
[White "Gelsok, Philipp"]
[Black "Schäde, Maximilian"]
[Result "1-0"]
[WhiteElo "2034"]
[BlackElo "1734"]
[PlyCount "47"]
[EventDate "2025.??.??"]
[EventRounds "7"]
[SourceVersionDate "2025.09.08"]

1. e4 c5 2. Nf3 d6 3. d4 cxd4 4. Nxd4 Nf6 5. Nc3 g6 6. Be3 Bg7 7. f3 O-O 8. Qd2
Nc6 9. O-O-O d5 10. exd5 Nxd5 11. Nxc6 bxc6 12. Bd4 e5 13. Bc5 Re8 14. Ne4 Qc7
15. h4 Be6 16. h5 Nf4 17. hxg6 hxg6 18. g3 f5 19. Nd6 Nh5 20. Nxe8 Rxe8 21. Qg5
f4 22. Qxg6 Bf7 23. Bc4 Nxg3 24. Bxf7+ 1-0

[Event "Manfred-Bosbach-Turnier (45.OStM)"]
[Site "Bergisch Gladbach"]
[Date "2025.09.19"]
[Round "3.2"]
[White "Rosenauer, Horst"]
[Black "Wieferig, Wolfgang"]
[Result "0-1"]
[WhiteElo "1850"]
[BlackElo "2156"]
[PlyCount "76"]
[EventDate "2025.??.??"]
[EventRounds "7"]
[SourceVersionDate "2025.09.08"]

1. e4 d6 2. d4 Nf6 3. Nc3 g6 4. Nf3 Bg7 5. Bg5 O-O 6. Be2 c6 7. Qd2 b5 8. a3
Re8 9. h3 Bb7 10. O-O a5 11. b4 axb4 12. axb4 Na6 13. Rab1 Nc7 14. Ra1 Qd7 15.
Qe3 c5 16. Rxa8 Rxa8 17. dxc5 Ra3 18. Qd2 Nxe4 19. Nxe4 Bxe4 20. cxd6 exd6 21.
Nd4 Be5 22. c3 Nd5 23. Bxb5 Qc8 24. f3 Qxc3 25. Nc6 Qxd2 26. Bxd2 Bd3 27. Bxd3
Rxd3 28. Bh6 Bg3 29. Ra1 f6 30. Kf1 Kf7 31. Ke2 Rb3 32. Ra7+ Ke8 33. Rxh7 g5
34. Rb7 Re3+ 35. Kd2 Bf4 36. Kd1 Rd3+ 37. Ke1 Bg3+ 38. Ke2 Nf4+ 0-1

[Event "Manfred-Bosbach-Turnier (45.OStM)"]
[Site "Bergisch Gladbach"]
[Date "2025.09.19"]
[Round "3.3"]
[White "Harringer, Manfred"]
[Black "Nichte, Philipp"]
[Result "1-0"]
[WhiteElo "1971"]
[BlackElo "1819"]
[PlyCount "67"]
[EventDate "2025.??.??"]
[EventRounds "7"]
[SourceVersionDate "2025.09.08"]

1. e4 c5 2. Nf3 Nc6 3. Bb5 g6 4. O-O Bg7 5. Re1 e5 6. a4 Nge7 7. c3 O-O 8. d3
d6 9. Na3 h6 10. Nc2 f5 11. exf5 gxf5 12. Nh4 d5 13. Bxc6 bxc6 14. Qh5 Qd6 15.
f4 e4 16. d4 cxd4 17. Nxd4 c5 18. Nb5 Qc6 19. Bd2 Bb7 20. Re3 a6 21. Na3 Qe8
22. Qd1 Kh7 23. Rg3 Bf6 24. Rh3 d4 25. Nc4 Rd8 26. Qe2 Rg8 27. Be1 Ng6 28. Nxf5
Bg7 29. Bg3 Qe6 30. Qh5 Ne7 31. Nxe7 Qxe7 32. Qf5+ Kh8 33. Ne5 Qf6 34. Nf7+ 1-0

[Event "Manfred-Bosbach-Turnier (45.OStM)"]
[Site "Bergisch Gladbach"]
[Date "2025.09.19"]
[Round "3.4"]
[White "Schüers, Christian"]
[Black "Eilers, Jochen"]
[Result "0-1"]
[WhiteElo "1405"]
[BlackElo "1923"]
[PlyCount "68"]
[EventDate "2025.??.??"]
[EventRounds "7"]
[SourceVersionDate "2025.09.08"]

1. d4 c5 2. c3 Nf6 3. Nf3 g6 4. dxc5 Na6 5. Bd2 Nxc5 6. g3 Bg7 7. Bg2 O-O 8.
O-O d6 9. Na3 h6 10. Nc2 Qb6 11. Qc1 Kh7 12. Rd1 Bd7 13. Be3 Qc7 14. Ncd4 e5
15. Nb3 Ba4 16. Bxc5 dxc5 17. Re1 Rad8 18. e4 Rd3 19. h3 Rfd8 20. Kh2 b6 21.
Nbd2 h5 22. b3 Bh6 23. bxa4 Bxd2 24. Nxd2 Rxd2 25. Rf1 Qd7 26. Qa3 Qd3 27. a5
Nxe4 28. Bxe4 Qxe4 29. axb6 axb6 30. Qb3 Qf3 31. Kg1 R8d6 32. a4 Rf6 33. Ra2
Rd3 34. Rc2 h4 0-1

[Event "Manfred-Bosbach-Turnier (45.OStM)"]
[Site "Bergisch Gladbach"]
[Date "2025.09.19"]
[Round "3.5"]
[White "Müller, Aaron"]
[Black "Themm, Rainer"]
[Result "1-0"]
[WhiteElo "1879"]
[BlackElo "1797"]
[PlyCount "61"]
[EventDate "2025.??.??"]
[EventRounds "7"]
[SourceVersionDate "2025.09.08"]

1. d4 Nf6 2. c4 e6 3. Nf3 d5 4. Nc3 Bb4 5. Bg5 c6 6. e3 Nbd7 7. a3 Bxc3+ 8.
bxc3 Qa5 9. Qc2 Ne4 10. Rc1 Nxg5 11. Nxg5 Nf6 12. h4 h6 13. Nf3 Qxa3 14. Bd3
dxc4 15. Bxc4 Qa5 16. e4 Qc7 17. O-O g5 18. e5 Nd5 19. hxg5 hxg5 20. Nxg5 f5
21. Bxd5 exd5 22. f4 Rh6 23. c4 Qb6 24. Qd3 c5 25. cxd5 cxd4 26. e6 a5 27. Qxf5
d3+ 28. Rf2 Bxe6 29. dxe6 d2 30. Qf7+ Kd8 31. Qd7# 1-0

[Event "Manfred-Bosbach-Turnier (45.OStM)"]
[Site "Bergisch Gladbach"]
[Date "2025.09.19"]
[Round "3.7"]
[White "Radovinski, Jewgeni"]
[Black "Lobbes, Frank"]
[Result "1-0"]
[WhiteElo "1543"]
[BlackElo "1817"]
[PlyCount "65"]
[EventDate "2025.??.??"]
[EventRounds "7"]
[SourceVersionDate "2025.09.08"]

1. e4 d6 2. d4 Nf6 3. Nc3 g6 4. Bc4 Bg7 5. Nge2 O-O 6. O-O c6 7. a4 Nbd7 8. f4
Nxe4 9. Bxf7+ Rxf7 10. Nxe4 Nf6 11. N2g3 Nxe4 12. Nxe4 h6 13. Be3 Bd7 14. c3
Qa5 15. b4 Qd5 16. Nd2 c5 17. bxc5 dxc5 18. Qf3 Qxf3 19. Nxf3 cxd4 20. cxd4 Bc6
21. Ne5 Bxe5 22. fxe5 Rxf1+ 23. Rxf1 Kg7 24. e6 Rf8 25. Bxh6+ Kxh6 26. Rxf8 Bd5
27. Rf7 Bxe6 28. Rxe7 Bd5 29. Re5 Bc6 30. a5 Kg7 31. d5 Bb5 32. d6 Kf6 33. Rxb5
1-0

[Event "Manfred-Bosbach-Turnier (45.OStM)"]
[Site "Bergisch Gladbach"]
[Date "2025.09.19"]
[Round "3.9"]
[White "Schneider, Erich"]
[Black "Steinhausen, Karl-Heinz"]
[Result "1/2-1/2"]
[WhiteElo "1252"]
[BlackElo "1080"]
[PlyCount "39"]
[EventDate "2025.??.??"]
[EventRounds "7"]
[SourceVersionDate "2025.09.08"]

1. d4 e6 2. c4 d5 3. Nc3 c5 4. cxd5 exd5 5. Nf3 Nf6 6. Bg5 Nbd7 7. e3 Be7 8.
Be2 h6 9. Bh4 O-O 10. O-O b6 11. a3 Bb7 12. h3 Re8 13. Rb1 Ne4 14. Bxe7 Rxe7
15. Bd3 Ndf6 16. Re1 Qd7 17. Nd2 Nxd2 18. Qxd2 Ne4 19. Nxe4 dxe4 20. Bc2
1/2-1/2

[Event "Manfred-Bosbach-Turnier (45.OStM)"]
[Site "Bergisch Gladbach"]
[Date "2025.09.19"]
[Round "3.11"]
[White "Hoferichter, Michael"]
[Black "Pfennig, Dieter"]
[Result "1/2-1/2"]
[WhiteElo "1386"]
[BlackElo "1140"]
[PlyCount "45"]
[EventDate "2025.??.??"]
[EventRounds "7"]
[SourceVersionDate "2025.09.08"]

1. d4 d5 2. Bf4 Nc6 3. e3 Nf6 4. Nc3 a6 5. Nf3 Bg4 6. h3 Bxf3 7. Qxf3 e6 8. a3
Bd6 9. Bg5 Be7 10. Bd3 h6 11. Bxf6 Bxf6 12. O-O Qd6 13. Ne2 Bg5 14. Ng3 O-O 15.
Rad1 Bh4 16. Nh5 e5 17. dxe5 Qxe5 18. Qg4 Bf6 19. c3 Rad8 20. Rfe1 Qg5 21. Qxg5
Bxg5 22. f4 Be7 23. Re2 1/2-1/2

[Event "Manfred-Bosbach-Turnier (45.OStM)"]
[Site "Bergisch Gladbach"]
[Date "2025.09.19"]
[Round "3.12"]
[White "Limburg, Leonhard"]
[Black "Handel, Heinz"]
[Result "0-1"]
[WhiteElo "1259"]
[BlackElo "1134"]
[PlyCount "54"]
[EventDate "2025.??.??"]
[EventRounds "7"]
[SourceVersionDate "2025.09.08"]

1. e4 c6 2. Nf3 d5 3. exd5 cxd5 4. d4 Bg4 5. Be2 h6 6. Ne5 Bxe2 7. Qxe2 a6 8.
Nc3 e6 9. Qf3 f6 10. Ng6 Rh7 11. Nxf8 Kxf8 12. O-O Nc6 13. Re1 Nxd4 14. Qd3 Nf5
15. Rxe6 g6 16. Bf4 Rd7 17. Rae1 Nge7 18. Nxd5 Rxd5 19. Qa3 Rd1 20. Rxf6+ Kg7
21. Rfe6 Rxe1+ 22. Rxe1 Rc8 23. g4 Nd5 24. gxf5 Nxf4 25. Re7+ Kh8 26. f6 Qd1+
27. Re1 Qxe1# 0-1